Stav intermodálnej prepravy na Slovensku výzvy a perspektívy rozvoja

Salvato in:
Dettagli Bibliografici
Autore principale: Slaninková, Lívia Alžbeta
Ente Autore: Obchodná fakulta EU. Katedra medzinárodného obchodu
Altri autori: Juhás, Henrich, 1995-
Natura: Libro
Lingua:slovacco
Pubblicazione: Bratislava 2023
Tags: Aggiungi Tag
Nessun Tag, puoi essere il primo ad aggiungerne!!

MARC

LEADER 00000nbm a2200000 4500
001 0294823
005 20240207092252.6
041 0 |a slo 
044 |a SK 
245 1 0 |a Stav intermodálnej prepravy na Slovensku  |b výzvy a perspektívy rozvoja  |c Lívia Alžbeta Slaninková ; školiteľ: Henrich Juhás 
264 1 |a Bratislava  |c 2023 
300 |a 63 s. 
100 1 |a Slaninková, Lívia Alžbeta 
700 1 |a Juhás, Henrich, 1995- 
710 2 |a Obchodná fakulta EU. Katedra medzinárodného obchodu